Normal view
MARC view
Entry Topical Term
001 - CONTROL NUMBER
- control field: 27066
003 - CONTROL NUMBER IDENTIFIER
- control field: OSt
005 - DATE AND TIME OF LATEST TRANSACTION
- control field: 20230630140304.0
008 - FIXED-LENGTH DATA ELEMENTS
- fixed length control field: 230630|| aca||aabn | a|a d
040 ## - CATALOGING SOURCE
- Original cataloging agency: OSt
- Transcribing agency: OSt
150 ## - HEADING--TOPICAL TERM
- Topical term or geographic name entry element: လဵပ်ႈႁဵၼ်းလွင်ႈပုတ်ႉထၽႃႇသႃလႄႈၶေႃႈသင်ႇသွၼ်မၼ်း
670 ## - SOURCE DATA FOUND
- Source citation: Work cat.: (OSt): ရႃႇႁူႉလႃႇ၊ ဝၽေႃးလ ၸဝ်ႈ 26651, ဢၼ်ပုတ်ႉထၸဝ်ႈသင်ႇသွၼ် /, 2005